Japan's scheme of generalised tariff preferences 1971

Αποθηκεύτηκε σε:
Λεπτομέρειες βιβλιογραφικής εγγραφής
Μορφή: Βιβλίο
Γλώσσα:Undetermined
Έκδοση: Tokyo Japan Tariff Association 1971
Θέματα:
Ετικέτες: Προσθήκη ετικέτας
Δεν υπάρχουν, Καταχωρήστε ετικέτα πρώτοι!
Thư viện lưu trữ: Trung tâm Học liệu Trường Đại học Cần Thơ
LEADER 00425nam a2200157Ia 4500
001 CTU_77797
008 210402s9999 xx 000 0 und d
082 |a 382.7 
082 |b J35 
245 0 |a Japan's scheme of generalised tariff preferences 1971 
260 |a Tokyo 
260 |b Japan Tariff Association 
260 |c 1971 
650 |a Tariff 
650 |z Japan 
980 |a Trung tâm Học liệu Trường Đại học Cần Thơ